000 01674nam a22003377a 4500
001 ENG-90536
005 20080721125330.0
006 a|||||r|||||00| 0
008 070604s2008 nyua 001 0 eng
010 _aENG-90536
020 _a0070223955
_c299.00
035 _aEN-74069
037 _bDBAD / PUB
040 _aDPL
_bEN
082 _a332.632042
100 _aBrown, Constance M.
245 _aTechnical analysis demystified /
_cby Constance Brown.
260 _aNew Delhi
_bTata McGraw-Hill Publishing
_c2008.
300 _axiii, 253 p. :
_bill. ;
_c24 cm.
500 _aIncludes index.
505 _aHow do past prices indicate future prices? -- When do you trade and how do you protect yourself? -- Which price levels are important? -- When is a market overbought or oversold? -- Does the price data give clues about direction? -- How do you know when so
650 _aInvestment analysis.
650 _aStock price forecasting.
830 _aMcGraw-Hill "Demystified" series.
856 _3Publisher description
_uhttp://www.loc.gov/catdir/enhancements/fy0728/2007023005-d.html
856 _3Contributor biographical information
_uhttp://www.loc.gov/catdir/enhancements/fy0728/2007023005-b.html
856 _3Table of contents only
_uhttp://www.loc.gov/catdir/enhancements/fy0728/2007023005-t.html
942 _2ddc
_cEN
_h332.632042
_mBRO
999 _c14496
_d14496